000 00906nam a2200301 a 4500
008 990125s1999 maua b 001 0 eng
010 _a 98072069
020 _a0395927587
040 _aDLC
_cDLC
050 0 0 _aHF5635
_b.N35 1999
082 0 0 _a657
_221
092 0 4 _a657
_bP9574 1999
_221
099 _a04
_a657 P9574 1999
100 1 _aNeedles, Belverd E.
245 1 0 _aPrinciples of accounting /
_cBelverd E. Needles Jr. , Marian Powers, Susan V. Crosson.
250 _a7th ed.
260 _aBoston :
_bHoughton Mifflin Co.,
_cc1999.
300 _axlvi, 1229 p. :
_bcol. ill. ;
_c29 cm.
504 _aIncludes bibliographical references and indexes.
650 0 _aAccounting.
700 1 _aCrosson, Susan V.
700 1 _aPowers, Marian.
902 _a1
905 _aEman
_eRev
905 _aJihan
_ecat
942 _2ddc
_cBK
999 _c149480
_d149480